000 00823nam a2200265Ia 4500
003 OSt
005 20220928130528.0
006 a|||||r|||| 00| 0
007 ta
008 220927b |||||||| |||| 00| 0 eng d
020 _a9780367444150
_cUKP 74.99
024 _a146189
037 _b47, 29/12/2021, Excel Book International
_cTextual
040 _aSDCL
_cSDCL
_beng
041 _2eng
_aeng
082 _aB28931, R1
100 _aFox William P.
_9474364
245 0 _aNonlinear optimization
_b Models and applications
260 _aBoca Raton
_b CRC Press
_c2021
300 _axxi,394p.
_ccm.
490 _aTextbooks in mathematics
650 _aOperational Research
942 _hB28931, R1
_cTEXL
_2CC
999 _c786951
_d786951